000 01904cam a22004574i 4500
003 PE-LiUPU
005 20250731172943.0
008 150623s r 000 0 d
020 _a0310449111
035 _a(Sirsi) i9780310449119
040 _aPE-LiUPU
_bspa
_cPE-LiUPU
_erda
049 _aPRUA
082 0 4 _a239
_bS77R
_221
100 1 _aSproul, Robert Charles,
_eautor.
245 1 0 _aReason to believe :
_ba response to common objections to Christianity /
_cR.C. Sproul.
264 1 _aMichigan :
_bZondervan Publishing House,
_c1982.
300 _a159 páginas ;
_c20 centímetros
336 _atext
_2rdacontent
337 _aunmediated
_2rdamedia
338 _avolume
_2rdacarrier
504 _aIncluye bibliografía.
505 0 _aA personal pilgrimage. -"The Bible contradicts itself. It's just a fairy tale." -"All religions are Good. It Doesn't matter what you believe.". -"What about the poor native who never heard of Christ?". -"Christianity is a crutch for weak people." -"The church is full of hypocrites." -"I Don't need religion.". -"There is no God!". -"If there is a God why is there so much evil in the world?". -"Why Does God allow suffering?". -"When you're dead you're dead! There is no more!".
526 _aSEG42
526 _aSEG41
526 _aSEG40
526 _aSEG39
526 _aP94
526 _aP87
526 _aP86
526 _aP85
526 _aP77
526 _aP76
526 _aP35
650 0 4 _aApologética.
_92321
942 _2ddc
_cBOOK
949 _a239 S77R
_wDEWEY
_c1
_i44690
_lCCODEBUL1
_mBUL
_r0
_sY
_tBOOK
_u2015-6-24
_xTEOLOGIA
_PP35
_0COMPRA
_o.STAFF. Colección General
994 _aC0
_bPEPRU
596 _a1
999 _a239 S77R
_wDEWEY
_c21553
_i44690
_f2021-11-10
_g5
_lCCODEBUL1
_mBUL
_r0
_sY
_tBOOK
_u2015-6-24
_xTEOLOGIA
_PP35
_0COMPRA
_o.STAFF. Colección General
_d21553
980 _81
_gALBERTO SANCHEZ Responsable de Automatización